00571nam a22001697a 450000500170000001000130001702000260003003500130005603700130006908200110008210000270009324501020012026000360022227000660025830000270032450000500035120191212112424.0 aB-731134 c750.00a9788178245447 aB-731134 bDBAD/PUB a954.08 aBhattacharya, Neeladri aThe great agrarian conquest :bthe colonial reshaping of a rural world/cby Neeladri Bhattacharya aRanikhetbPermanent Blackc2018 a'Himalayana', Mall Road,667,Ranikhet Cantt,bRanikhete263645 axv,522p. ;c22cm (pbk) aincludes bibliographical references and index